| 000 | 00694cab a2200241 4500 | ||
|---|---|---|---|
| 001 | ABS68680 | ||
| 008 | 050107n2004 000 0 eng u | ||
| 035 | _a(Sirsi) u128465 | ||
| 100 | _aChesters, L. | ||
| 245 | _aSpecial report: regeneration Yorkshire | ||
| 260 | _c2004 | ||
| 490 |
_aProperty Week _v69(49) 3 December 2004, 55-66(6) |
||
| 520 | _aExamines the approach being taken to regenerate Yorkshire. Concentrates on Hull with a look at Doncaster, Rotherham and York. | ||
| 590 | _aABS | ||
| 650 | _aURBAN REGENERATION | ||
| 650 | _aYORKSHIRE | ||
| 650 | _aHULL | ||
| 650 | _aDONCASTER | ||
| 650 | _aROTHERHAM | ||
| 650 | _aYORK | ||
| 690 | _aREGENERATION | ||
| 942 | _n0 | ||
| 999 |
_c74706 _d74706 |
||